[Event "4NCL Division 3"]
[Site "Daventry Court ENG"]
[Date "2015.03.21"]
[Round "7.55"]
[White "Kemp, Peter"]
[Black "Walker, David J"]
[Result "0-1"]
[WhiteElo "2189"]
[BlackElo "2294"]
[PlyCount "94"]
[EventDate "2015.03.21"]
[WhiteTeam "Celtic Tigers 1"]
[BlackTeam "North East England 1"]

1. d4 Nf6 2. c4 e6 3. g3 c5 4. d5 exd5 5. cxd5 d6 6. Nc3 g6 7. Bg2 Bg7 8. Nf3
O-O 9. O-O Re8 10. Nd2 a6 11. a4 Nbd7 12. h3 Rb8 13. Nc4 Ne5 14. Na3 Nh5 15. e4
Bd7 16. a5 b5 17. axb6 Bb5 18. Naxb5 axb5 19. Nxb5 Qxb6 20. Na3 c4 21. g4 Nf6
22. Rb1 Qa6 23. Re1 Nd3 24. Re2 Qxa3 25. bxa3 Rxb1 26. Rc2 Bh6 27. Rxc4 Nxc1
28. Bf1 Nxe4 29. Kg2 Rb2 30. Rc2 Reb8 31. a4 Nc5 32. Bb5 Rxc2 33. Qxc2 N1b3 34.
Qd1 Bg7 35. Qe1 Be5 36. f4 Bxf4 37. Qe7 Rf8 38. Qc7 Nd4 39. Bc6 Be5 40. g5 f5
41. gxf6 Rxf6 42. a5 Nd3 43. Qd8+ Kg7 44. Qxf6+ Kxf6 45. a6 Nf4+ 46. Kf1 Nxc6
47. dxc6 Nd5 0-1

[Event "4NCL Division 3"]
[Site "Daventry Court ENG"]
[Date "2015.03.21"]
[Round "7.56"]
[White "Dargan, Paul AG"]
[Black "Hoffmann, Hendrik"]
[Result "1/2-1/2"]
[WhiteElo "2136"]
[BlackElo "2170"]
[PlyCount "23"]
[EventDate "2015.03.21"]
[WhiteTeam "North East England 1"]
[BlackTeam "Celtic Tigers 1"]

1. e4 d6 2. d4 Nf6 3. Nc3 g6 4. Bg5 Bg7 5. Qd2 O-O 6. Bh6 c6 7. Bxg7 Kxg7 8.
Nf3 Bg4 9. Be2 Bxf3 10. Bxf3 e5 11. O-O-O Na6 12. g3 1/2-1/2

[Event "4NCL Division 3"]
[Site "Daventry Court ENG"]
[Date "2015.03.21"]
[Round "7.57"]
[White "Maciol, Ryszard"]
[Black "Waters, Clive L"]
[Result "1-0"]
[WhiteElo "2199"]
[BlackElo "2151"]
[PlyCount "105"]
[EventDate "2015.03.21"]
[WhiteTeam "Celtic Tigers 1"]
[BlackTeam "North East England 1"]

1. d4 d5 2. c4 e6 3. Nc3 Nf6 4. Bg5 Nbd7 5. cxd5 exd5 6. e3 c6 7. Bd3 Be7 8.
Qc2 O-O 9. Nge2 Re8 10. O-O Nf8 11. f3 Ng6 12. e4 dxe4 13. fxe4 Ng4 14. Bxe7
Qxe7 15. Qd2 Be6 16. h3 Nf6 17. e5 Nd5 18. Ne4 Rad8 19. Nd6 Rf8 20. Be4 b6 21.
Rac1 c5 22. Bxg6 hxg6 23. dxc5 bxc5 24. Rxc5 Nb6 25. Qc2 Bd5 26. Nf4 Qxe5 27.
Nb5 Qe3+ 28. Qf2 Qxf2+ 29. Rxf2 Bxa2 30. Nxa7 Rfe8 31. b4 Bb3 32. Rb2 Ba4 33.
Ne2 Rd1+ 34. Kf2 Ra1 35. Nc3 Bd7 36. Nc6 Ree1 37. Nd4 Be6 38. Nf3 Rf1+ 39. Kg3
Nc4 40. Re2 Ra3 41. Rxe6 fxe6 42. Rxc4 Rc1 43. Rc8+ Kf7 44. Ng5+ Ke7 45. Nge4
Kd7 46. Rc4 Rd1 47. b5 Rd5 48. Kg4 Rf5 49. b6 Ra8 50. Rc7+ Kd8 51. Rxg7 Rf8 52.
b7 Rb8 53. Nc5 1-0

[Event "4NCL Division 3"]
[Site "Daventry Court ENG"]
[Date "2015.03.21"]
[Round "7.58"]
[White "Tavoularis, Nick"]
[Black "Pedersen, Carsten"]
[Result "1-0"]
[WhiteElo "2136"]
[BlackElo "2156"]
[PlyCount "90"]
[EventDate "2015.03.21"]
[WhiteTeam "North East England 1"]
[BlackTeam "Celtic Tigers 1"]

1. c4 Nc6 2. g3 e5 3. Nc3 g6 4. Bg2 Bg7 5. d3 d6 6. e3 f5 7. Nge2 Nf6 8. O-O
O-O 9. b3 Be6 10. Bb2 d5 11. Ba3 Re8 12. Na4 Bf7 13. Rc1 a5 14. Qc2 e4 15. dxe4
dxe4 16. Rfd1 Qc8 17. Nf4 Ne5 18. Bb2 g5 19. Bxe5 Rxe5 20. Nd5 Ra6 21. Rd2 Rc6
22. Nxf6+ Bxf6 23. Nc3 b5 24. f4 Rec5 25. Nxe4 fxe4 26. Bxe4 Rd6 27. Bxh7+ Kg7
28. Rxd6 cxd6 29. Rf1 g4 30. Rd1 bxc4 31. bxc4 Qe6 32. Qd3 Rxc4 33. Bf5 Qe7 34.
Kf2 Ra4 35. Rd2 Qb7 36. Bxg4 Rxa2 37. Rxa2 Bxa2 38. Bh5 Qb2+ 39. Kf3 Qb7+ 40.
Kf2 Qb2+ 41. Kf3 Qb1 42. Qxd6 Qf1+ 43. Ke4 Bb1+ 44. Kd5 Qb5+ 45. Qc5 Be4+ 1-0

[Event "4NCL Division 3"]
[Site "Daventry Court ENG"]
[Date "2015.03.21"]
[Round "7.59"]
[White "Quinn, John"]
[Black "Coathup, Roger H"]
[Result "1-0"]
[WhiteElo "2117"]
[BlackElo "2115"]
[PlyCount "101"]
[EventDate "2015.03.21"]
[WhiteTeam "Celtic Tigers 1"]
[BlackTeam "North East England 1"]

1. d4 Nf6 2. c4 g6 3. Nc3 Bg7 4. e4 d6 5. Nf3 O-O 6. h3 e5 7. d5 Na6 8. Bg5 h6
9. Be3 Nc5 10. Nd2 a5 11. g4 c6 12. Be2 Bd7 13. h4 a4 14. g5 hxg5 15. hxg5 Nh7
16. Rg1 Qa5 17. Qc2 Rfc8 18. Bg4 Nf8 19. O-O-O Qb4 20. a3 Qa5 21. Kb1 Bxg4 22.
Rxg4 Nfd7 23. f3 Nb6 24. Rh1 cxd5 25. exd5 e4 26. Bxc5 Qxc5 27. Ndxe4 Qe3 28.
Nf6+ Kf8 29. Re4 Qxf3 30. Qh2 Rd8 31. Qh4 Nd7 32. Rf4 Qd3+ 33. Ka1 Ne5 34. Rhf1
Ke7 35. Qh7 Bxf6 36. gxf6+ Kd7 37. Qh4 Rh8 38. Qf2 Ra6 39. c5 Rh3 40. cxd6 Qe3
41. Qc2 Qd3 42. Qf2 Qe3 43. Qxe3 Rxe3 44. Rb4 Kxd6 45. Rxb7 Ra5 46. Rd1 Nc4 47.
Rxf7 Nxa3 48. Re7 Nc2+ 49. Kb1 Na3+ 50. Ka2 Nc4 51. Ne4+ 1-0

[Event "4NCL Division 3"]
[Site "Daventry Court ENG"]
[Date "2015.03.21"]
[Round "7.60"]
[White "Henderson, David"]
[Black "Skulte, Chris"]
[Result "1-0"]
[WhiteElo "2061"]
[BlackElo "1968"]
[PlyCount "125"]
[EventDate "2015.03.21"]
[WhiteTeam "North East England 1"]
[BlackTeam "Celtic Tigers 1"]

1. e4 c5 2. c3 d5 3. exd5 Qxd5 4. d4 Nc6 5. Nf3 Bf5 6. Be3 Bxb1 7. Rxb1 cxd4 8.
Nxd4 e6 9. Be2 Nxd4 10. Bxd4 Ne7 11. Bf3 Qd7 12. Qb3 Nc6 13. Rd1 Qc7 14. O-O
Bd6 15. h3 O-O 16. Qa4 Nxd4 17. Rxd4 Rad8 18. Rfd1 b6 19. R1d2 a5 20. a3 Be5
21. Rd7 Rxd7 22. Rxd7 Qc5 23. Qd1 g6 24. Be4 Bc7 25. Qd4 Qe5 26. g3 Rb8 27. b4
axb4 28. axb4 Rf8 29. f4 Qxd4+ 30. cxd4 Bd8 31. d5 exd5 32. Bxd5 Bf6 33. b5 h5
34. Kg2 Kg7 35. Kf3 Bc3 36. Bb3 Bb4 37. g4 hxg4+ 38. hxg4 g5 39. fxg5 Kg6 40.
Rd5 f5 41. Bc2 Kxg5 42. Bxf5 Rf6 43. Rd7 Rd6 44. Rh7 Bc3 45. Rc7 Bb2 46. Rc6
Rxc6 47. bxc6 Be5 48. Ke4 Bc7 49. Kd5 Kf4 50. Ke6 Kg5 51. Kd7 Bf4 52. c7 Bxc7
53. Kxc7 b5 54. Kc6 b4 55. Kd5 b3 56. Ke4 b2 57. Kf3 Kf6 58. Kf4 Kf7 59. g5 Kg7
60. Bb1 Kf7 61. Kf5 Kg7 62. g6 Kg8 63. Kf6 1-0

[Event "4NCL Division 3"]
[Site "Daventry Court ENG"]
[Date "2015.03.21"]
[Round "7.65"]
[White "Polaczek, Richard"]
[Black "Buckley, David E"]
[Result "1/2-1/2"]
[WhiteElo "2433"]
[BlackElo "2270"]
[PlyCount "75"]
[EventDate "2015.03.21"]
[WhiteTeam "Broadland Bitterns [1]"]
[BlackTeam "Downend & Fishponds"]

1. d4 g6 2. Nf3 Bg7 3. e4 d6 4. Nc3 a6 5. Be3 b5 6. Bd3 Nd7 7. Ne2 c5 8. c3
Ngf6 9. O-O O-O 10. a4 Bb7 11. Ng3 c4 12. Bc2 e5 13. Re1 Re8 14. b4 d5 15. Bg5
Qc7 16. axb5 axb5 17. Rxa8 Bxa8 18. Bxf6 Nxf6 19. dxe5 Nxe4 20. Nxe4 dxe4 21.
Bxe4 Bxe4 22. Rxe4 Qa7 23. h4 Qb8 24. Qe2 h6 25. Qe3 Qc7 26. Nd4 Qb7 27. f3 Qd5
28. h5 Rxe5 29. hxg6 fxg6 30. Kf2 Kh7 31. Rxe5 Bxe5 32. Ne2 Qd6 33. Qa7+ Kg8
34. Qa8+ Kg7 35. Qb7+ Kf6 36. Qxb5 Bxc3 37. Qxc4 Bxb4 38. Qf4+ 1/2-1/2

[Event "4NCL Division 3"]
[Site "Daventry Court ENG"]
[Date "2015.03.21"]
[Round "7.66"]
[White "Russell, Chris"]
[Black "Redman, David J"]
[Result "0-1"]
[WhiteElo "2098"]
[BlackElo "1817"]
[PlyCount "78"]
[EventDate "2015.03.21"]
[WhiteTeam "Downend & Fishponds"]
[BlackTeam "Broadland Bitterns [1]"]

1. e4 Nf6 2. Nc3 d5 3. exd5 Nxd5 4. Bc4 Nb6 5. Bb3 Nc6 6. Nf3 Bf5 7. O-O e6 8.
d4 Qd7 9. Bf4 O-O-O 10. Nb5 Nd5 11. Bg3 a6 12. Bxd5 Qxd5 13. Nxc7 Qa5 14. Na8
Bd6 15. Bxd6 Rxd6 16. c4 Bg4 17. c5 Rxd4 18. Qb3 Bxf3 19. Qxf3 Kb8 20. b4 Nxb4
21. a3 Nc6 22. Nb6 Qxc5 23. Rab1 Ne5 24. Qe2 Qd6 25. Rfc1 Nd3 26. Rc4 Rd8 27.
Qc2 Nc5 28. Rxd4 Qxd4 29. h3 Qd3 30. Qb2 Qe4 31. Qc1 Nd3 32. Qg5 Qd4 33. Qe7
Ne5 34. Na4 Qd7 35. Qc5 Nd3 36. Qb6 Qc7 37. Qb3 b5 38. Nc3 Qc5 39. a4 Nxf2 0-1

[Event "4NCL Division 3"]
[Site "Daventry Court ENG"]
[Date "2015.03.21"]
[Round "7.67"]
[White "McEwan, Ken B"]
[Black "Savory, Richard"]
[Result "0-1"]
[WhiteElo "2083"]
[BlackElo "2100"]
[PlyCount "54"]
[EventDate "2015.03.21"]
[WhiteTeam "Broadland Bitterns [1]"]
[BlackTeam "Downend & Fishponds"]

1. d4 d5 2. Bf4 Nf6 3. e3 c6 4. c4 e6 5. Nf3 Nbd7 6. Nc3 Be7 7. h3 O-O 8. Rc1
Ne8 9. Bd3 Nd6 10. c5 Nf5 11. g4 Nh4 12. Nxh4 Bxh4 13. g5 Bxg5 14. Qh5 h6 15.
Bd6 g6 16. Qg4 e5 17. Bxf8 Nxf8 18. Qe2 exd4 19. Nd1 dxe3 20. fxe3 Bh4+ 21. Kd2
Qa5+ 22. Nc3 Qxc5 23. Kc2 Bg5 24. Rce1 Bd7 25. Kb1 Re8 26. Nd1 d4 27. e4 Qc1#
0-1

[Event "4NCL Division 3"]
[Site "Daventry Court ENG"]
[Date "2015.03.21"]
[Round "7.68"]
[White "Meadows, Mike"]
[Black "Hughes, Roy"]
[Result "1-0"]
[WhiteElo "1918"]
[BlackElo "2023"]
[PlyCount "41"]
[EventDate "2015.03.21"]
[WhiteTeam "Downend & Fishponds"]
[BlackTeam "Broadland Bitterns [1]"]

1. e4 d5 2. d4 dxe4 3. Nc3 Nf6 4. f3 exf3 5. Nxf3 Bf5 6. Ne5 c6 7. Bc4 e6 8.
O-O Nbd7 9. Rxf5 exf5 10. Nxf7 Qe7 11. Nxh8 Nb6 12. Bb3 Nfd5 13. Qf1 Qf6 14.
Nxd5 Nxd5 15. Bxd5 Qxd4+ 16. Kh1 Qxd5 17. Bg5 Bd6 18. Rd1 Qc5 19. Qd3 Be7 20.
Qd7+ Kf8 21. Qe6 1-0

[Event "4NCL Division 3"]
[Site "Daventry Court ENG"]
[Date "2015.03.21"]
[Round "7.69"]
[White "Dilleigh, Stephen P"]
[Black "Thompson, Rob"]
[Result "1/2-1/2"]
[WhiteElo "2109"]
[BlackElo "1999"]
[PlyCount "39"]
[EventDate "2015.03.21"]
[WhiteTeam "Broadland Bitterns [1]"]
[BlackTeam "Downend & Fishponds"]

1. Nf3 d6 2. d4 Nf6 3. c4 g6 4. Nc3 Bg7 5. e4 O-O 6. Be2 Na6 7. O-O e5 8. Be3
Ng4 9. Bg5 f6 10. Bc1 f5 11. exf5 gxf5 12. dxe5 dxe5 13. h3 e4 14. hxg4 exf3
15. Bxf3 Qxd1 16. Rxd1 fxg4 17. Bd5+ Kh8 18. Be3 c6 19. Be4 Be6 20. c5 1/2-1/2

[Event "4NCL Division 3"]
[Site "Daventry Court ENG"]
[Date "2015.03.21"]
[Round "7.70"]
[White "Humphreys, Jerry"]
[Black "Moore, Gerald"]
[Result "1/2-1/2"]
[WhiteElo "2054"]
[BlackElo "2117"]
[PlyCount "48"]
[EventDate "2015.03.21"]
[WhiteTeam "Downend & Fishponds"]
[BlackTeam "Broadland Bitterns [1]"]

1. e4 g6 2. d4 Bg7 3. Nf3 d6 4. Be2 Nf6 5. Nc3 O-O 6. O-O Bg4 7. Be3 Nc6 8. Qd2
e5 9. dxe5 dxe5 10. Rad1 Qc8 11. Qc1 Rd8 12. Rxd8+ Qxd8 13. Rd1 Qf8 14. h3 Bxf3
15. Bxf3 a6 16. g3 Rd8 17. Bg2 Nd4 18. f3 c6 19. Kf2 h5 20. h4 Nd7 21. Bf1 b5
22. Ne2 Nc5 23. c3 Nde6 24. Qc2 Bh6 1/2-1/2

[Event "4NCL Division 3"]
[Site "Daventry Court ENG"]
[Date "2015.03.21"]
[Round "7.75"]
[White "Antal, Laszlo"]
[Black "Jones, Christopher M"]
[Result "1/2-1/2"]
[WhiteElo "2154"]
[BlackElo "2091"]
[PlyCount "61"]
[EventDate "2015.03.21"]
[WhiteTeam "Manchester Manticores 2"]
[BlackTeam "The Rookies"]

1. e4 e5 2. Nf3 Nc6 3. Nc3 Nf6 4. d4 exd4 5. Nxd4 Bb4 6. Nxc6 bxc6 7. Bd3 d5 8.
exd5 cxd5 9. O-O O-O 10. Bg5 c6 11. Na4 Bd6 12. c4 h6 13. Bh4 Rb8 14. Rc1 Bf4
15. Rc2 Rb4 16. b3 Qd6 17. Bg3 Bxg3 18. hxg3 Rd8 19. c5 Qc7 20. Re1 Rb8 21. Qa1
Bg4 22. Qe5 Qxe5 23. Rxe5 Re8 24. Rxe8+ Rxe8 25. f3 Bc8 26. Kf2 Nd7 27. g4 Ne5
28. Bf1 f5 29. gxf5 Bxf5 30. Rd2 Rb8 31. Nb2 1/2-1/2

[Event "4NCL Division 3"]
[Site "Daventry Court ENG"]
[Date "2015.03.21"]
[Round "7.76"]
[White "Piper, Stephen J"]
[Black "Hamer, Martyn"]
[Result "1/2-1/2"]
[WhiteElo "2033"]
[BlackElo "2083"]
[PlyCount "72"]
[EventDate "2015.03.21"]
[WhiteTeam "The Rookies"]
[BlackTeam "Manchester Manticores 2"]

1. c4 e6 2. g3 d5 3. Bg2 Nf6 4. Nf3 Be7 5. O-O O-O 6. b3 c5 7. Bb2 Nc6 8. cxd5
Nxd5 9. d4 cxd4 10. Bxd4 Nxd4 11. Nxd4 Bf6 12. e3 Qe7 13. Bxd5 exd5 14. Nc3 Rd8
15. Qf3 Be6 16. Rfd1 Rac8 17. Rac1 Qb4 18. Nxe6 fxe6 19. Ne2 Bb2 20. Rxc8 Rxc8
21. Nf4 Rc6 22. Nd3 Qc3 23. Qh5 g6 24. Qh4 Ba3 25. Qg4 Kg7 26. Nf4 Qe5 27. Qe2
a6 28. h4 Qe4 29. Nd3 h5 30. f3 Qf5 31. Kg2 Qf6 32. e4 dxe4 33. Qxe4 Rc2+ 34.
Nf2 Rc7 35. Nd3 Rc2+ 36. Nf2 Rc7 1/2-1/2

[Event "4NCL Division 3"]
[Site "Daventry Court ENG"]
[Date "2015.03.21"]
[Round "7.77"]
[White "Newton, Robert"]
[Black "Compton, Alistair"]
[Result "0-1"]
[WhiteElo "2031"]
[BlackElo "2097"]
[PlyCount "71"]
[EventDate "2015.03.21"]
[WhiteTeam "Manchester Manticores 2"]
[BlackTeam "The Rookies"]

1. d4 e6 2. Nf3 c5 3. c3 Nf6 4. Bf4 Qb6 5. Qc2 cxd4 6. Nbd2 d5 7. cxd4 Nc6 8.
Rc1 Bd7 9. e3 Rc8 10. Qb1 Ne4 11. a3 Bd6 12. Nxe4 Bxf4 13. Nc5 Bd6 14. b4 a5
15. Bd3 axb4 16. O-O b3 17. Nd2 Na5 18. Ndxb3 Nxb3 19. Rc3 Bxc5 20. Rxb3 Qa5
21. dxc5 Bc6 22. Rc1 h6 23. Qb2 O-O 24. Rb4 f5 25. h3 Ra8 26. a4 Qc7 27. Bb5 f4
28. Bxc6 Qxc6 29. Rxb7 Rf6 30. exf4 Rxa4 31. Rb8+ Kh7 32. Rb6 Qc7 33. Qc2+ Re4
34. f3 Qxf4 35. Rb4 d4 36. Qxe4+ 0-1

[Event "4NCL Division 3"]
[Site "Daventry Court ENG"]
[Date "2015.03.21"]
[Round "7.78"]
[White "Gibson, Christopher A"]
[Black "Mulleady, Peter.J"]
[Result "0-1"]
[WhiteElo "1998"]
[BlackElo "1930"]
[PlyCount "67"]
[EventDate "2015.03.21"]
[WhiteTeam "The Rookies"]
[BlackTeam "Manchester Manticores 2"]

1. d4 f5 2. Bg5 Nf6 3. Bxf6 exf6 4. Nf3 d5 5. e3 Qd6 6. Qd2 Be6 7. Nc3 c6 8.
Bd3 Nd7 9. Ne2 g6 10. O-O Bh6 11. b3 O-O 12. c4 Rfe8 13. c5 Qc7 14. b4 Re7 15.
Rfb1 Rae8 16. b5 Nf8 17. bxc6 bxc6 18. Rb3 Bc8 19. Rab1 Rxe3 20. Kf1 Rxe2 21.
Qxh6 Rxa2 22. Qh4 Kg7 23. h3 Re7 24. Kg1 Ne6 25. Re1 g5 26. Qg3 Nf4 27. Ne5
fxe5 28. Qxg5+ Ng6 29. dxe5 Rxe5 30. Rxe5 Qxe5 31. Rb1 Qd4 32. Bxf5 Qxf2+ 33.
Kh1 Qxf5 34. Rb7+ 0-1

[Event "4NCL Division 3"]
[Site "Daventry Court ENG"]
[Date "2015.03.21"]
[Round "7.79"]
[White "Lyth, John.D"]
[Black "Jaszkiwskyj, Peter"]
[Result "1/2-1/2"]
[WhiteElo "2012"]
[BlackElo "1956"]
[PlyCount "63"]
[EventDate "2015.03.21"]
[WhiteTeam "Manchester Manticores 2"]
[BlackTeam "The Rookies"]

1. d4 d5 2. Nf3 Nf6 3. c4 c6 4. Nc3 e6 5. e3 Be7 6. Bd3 Nbd7 7. O-O O-O 8. b3
b6 9. Bb2 Bb7 10. Qe2 Rc8 11. Rac1 Bd6 12. Rfd1 Qe7 13. cxd5 cxd5 14. Nb5 Ne4
15. Nxd6 Qxd6 16. Nd2 f5 17. Nb1 Rxc1 18. Rxc1 Rc8 19. Rxc8+ Bxc8 20. Qc2 Bb7
21. Ba3 Qb8 22. Nc3 Ndf6 23. h3 Qc8 24. Nxe4 Nxe4 25. Qxc8+ Bxc8 26. Bxe4 dxe4
27. Bd6 Kf7 28. Kf1 Ba6+ 29. Ke1 Bd3 30. g3 Ke8 31. Kd2 Kd7 32. Be5 1/2-1/2

[Event "4NCL Division 3"]
[Site "Daventry Court ENG"]
[Date "2015.03.21"]
[Round "7.85"]
[White "Wallace, Paul A"]
[Black "Thorarinsson, Pall"]
[Result "1-0"]
[WhiteElo "2195"]
[BlackElo "2239"]
[PlyCount "109"]
[EventDate "2015.03.21"]
[WhiteTeam "Cheddleton 2"]
[BlackTeam "Fermented Sharks"]

1. e4 d6 2. d4 g6 3. Nc3 Bg7 4. Be3 a6 5. Qd2 b5 6. a4 b4 7. Nce2 a5 8. c3 Nf6
9. Ng3 bxc3 10. bxc3 Ng4 11. Nf3 Nxe3 12. Qxe3 O-O 13. Be2 c5 14. O-O cxd4 15.
cxd4 Nc6 16. Rac1 Qb6 17. Rfd1 Bg4 18. d5 Qxe3 19. fxe3 Nb4 20. Rc7 Bxf3 21.
gxf3 Na2 22. Rd3 Bf6 23. Rb3 Nb4 24. Rb1 Rfc8 25. Rbc1 Rxc7 26. Rxc7 Na6 27.
Bxa6 Rxa6 28. Ne2 Kf8 29. Rc8+ Kg7 30. Rb8 Ra7 31. Rb5 h5 32. Kg2 h4 33. Kh3
Bg5 34. f4 Bf6 35. Kg4 Ra8 36. h3 Ra7 37. Kf3 Ra8 38. Kg4 Ra7 39. Ng1 Bc3 40.
Ne2 Bd2 41. Nd4 Bxe3 42. Nc6 Rc7 43. Rxa5 e6 44. Ra8 Bc5 45. a5 f5+ 46. Kf3
fxe4+ 47. Kxe4 exd5+ 48. Kxd5 Rf7 49. Ke4 g5 50. fxg5 Rf1 51. a6 Re1+ 52. Kf5
Rf1+ 53. Kg4 Rc1 54. a7 Rc4+ 55. Kh5 1-0

[Event "4NCL Division 3"]
[Site "Daventry Court ENG"]
[Date "2015.03.21"]
[Round "7.86"]
[White "Maleki, Manuel"]
[Black "Armstrong, Malcolm J"]
[Result "1/2-1/2"]
[WhiteElo "2230"]
[BlackElo "2096"]
[PlyCount "51"]
[EventDate "2015.03.21"]
[WhiteTeam "Fermented Sharks"]
[BlackTeam "Cheddleton 2"]

1. Nf3 Nf6 2. c4 c6 3. d4 d5 4. e3 a6 5. b3 Bf5 6. Nh4 Bxb1 7. Rxb1 Ne4 8. Qc2
e5 9. Nf3 Bb4+ 10. Bd2 Nxd2 11. Nxd2 exd4 12. exd4 O-O 13. Be2 Re8 14. Kf1 Nd7
15. Nf3 Nf6 16. g3 Ne4 17. Bd3 Qf6 18. Kg2 h6 19. c5 Ng5 20. Nxg5 hxg5 21. Rbd1
g6 22. Qc1 Kg7 23. a3 Ba5 24. h3 Re6 25. b4 Bc7 26. Qb2 1/2-1/2

[Event "4NCL Division 3"]
[Site "Daventry Court ENG"]
[Date "2015.03.21"]
[Round "7.87"]
[White "Acey, Gerald"]
[Black "Farkas, Daniel"]
[Result "0-1"]
[WhiteElo "2118"]
[BlackElo "2131"]
[PlyCount "78"]
[EventDate "2015.03.21"]
[WhiteTeam "Cheddleton 2"]
[BlackTeam "Fermented Sharks"]

1. Nf3 Nc6 2. d4 d5 3. g3 Bg4 4. Bg2 Qd7 5. c3 f6 6. b4 a6 7. Nbd2 e5 8. dxe5
fxe5 9. h3 Be6 10. Ng5 Nf6 11. Nxe6 Qxe6 12. O-O Bd6 13. Nb3 O-O 14. Bg5 Ne7
15. Qc2 c6 16. Rad1 Rad8 17. a3 h6 18. Be3 Nf5 19. Bc5 e4 20. Bxd6 Rxd6 21. e3
Qe7 22. Nd4 Nxd4 23. cxd4 Nd7 24. Rc1 Rdf6 25. Qa4 Nb6 26. Qb3 Nc4 27. Rc2 Qf7
28. Bxe4 Nxe3 29. Qxe3 dxe4 30. Qxe4 Rf3 31. Kg2 Rxa3 32. Rd1 Re8 33. Qg4 h5
34. Qf4 Qxf4 35. gxf4 Rd8 36. Rc5 Rb3 37. Rxh5 Rxb4 38. Re1 Rbxd4 39. Rg5 Rxf4
0-1

[Event "4NCL Division 3"]
[Site "Daventry Court ENG"]
[Date "2015.03.21"]
[Round "7.88"]
[White "Agnew, Alan"]
[Black "Richardson, Alex"]
[Result "1/2-1/2"]
[WhiteElo "2091"]
[BlackElo "2107"]
[PlyCount "102"]
[EventDate "2015.03.21"]
[WhiteTeam "Fermented Sharks"]
[BlackTeam "Cheddleton 2"]

1. e4 c6 2. d4 d5 3. Nd2 dxe4 4. Nxe4 Bf5 5. Ng3 Bg6 6. h4 h6 7. h5 Bh7 8. Nf3
Nd7 9. Bd3 Bxd3 10. Qxd3 e6 11. Bf4 Qa5+ 12. Bd2 Bb4 13. c3 Be7 14. c4 Qc7 15.
O-O-O Ngf6 16. Kb1 O-O 17. Ne4 b5 18. Nxf6+ Bxf6 19. c5 e5 20. Nxe5 Nxe5 21.
dxe5 Qxe5 22. Bc3 Qxc5 23. Bxf6 gxf6 24. Rh3 Rfe8 25. Rg3+ Kh8 26. Rf3 Rad8 27.
Qxd8 Rxd8 28. Rxd8+ Kh7 29. Rxf6 Qe7 30. Rdd6 Qe1+ 31. Kc2 Qe2+ 32. Kc1 Kg7 33.
Rxc6 Qe1+ 34. Kc2 Qe2+ 35. Kc1 Qxh5 36. Rxh6 Qg5+ 37. Kc2 Qxg2 38. Rhf6 Qe4+
39. Kc1 Qe1+ 40. Kc2 Qe4+ 41. Kc1 a5 42. a3 Qe5 43. Kc2 Qd4 44. Rcd6 Qc4+ 45.
Kd2 b4 46. axb4 axb4 47. Rc6 Qa2 48. Kc2 Qa4+ 49. Kd2 Qb3 50. Kc1 Qa4 51. Kd2
Qa1 1/2-1/2

[Event "4NCL Division 3"]
[Site "Daventry Court ENG"]
[Date "2015.03.21"]
[Round "7.89"]
[White "Edwards, Simon R"]
[Black "Stevenson, James AB"]
[Result "1/2-1/2"]
[WhiteElo "1916"]
[BlackElo "2060"]
[PlyCount "29"]
[EventDate "2015.03.21"]
[WhiteTeam "Cheddleton 2"]
[BlackTeam "Fermented Sharks"]

1. e4 g6 2. d4 d6 3. Nc3 Bg7 4. Bg5 a6 5. Qd2 Nd7 6. Bc4 c5 7. Be3 cxd4 8. Bxd4
Ngf6 9. f3 O-O 10. Nge2 Qc7 11. Bb3 b5 12. Nd5 Nxd5 13. Bxg7 Kxg7 14. Bxd5 Bb7
15. Qc3+ 1/2-1/2

[Event "4NCL Division 3"]
[Site "Daventry Court ENG"]
[Date "2015.03.21"]
[Round "7.90"]
[White "Millward, Kevin Philip"]
[Black "Jamieson, Ian M"]
[Result "1-0"]
[WhiteElo "2007"]
[BlackElo "1952"]
[PlyCount "63"]
[EventDate "2015.03.21"]
[WhiteTeam "Fermented Sharks"]
[BlackTeam "Cheddleton 2"]

1. d3 g6 2. e4 Bg7 3. Nc3 c6 4. g3 d5 5. Bg2 dxe4 6. Nxe4 Qb6 7. Ne2 Nd7 8. O-O
Ngf6 9. c3 O-O 10. Qc2 Nxe4 11. dxe4 e5 12. Be3 Qc7 13. f4 exf4 14. gxf4 Re8
15. Ng3 f5 16. Rae1 fxe4 17. f5 Nf6 18. fxg6 Be6 19. gxh7+ Kh8 20. Nxe4 Nxe4
21. Bxe4 Bxa2 22. Bf4 Qb6+ 23. Qf2 Qxf2+ 24. Rxf2 a5 25. Rfe2 Bc4 26. Re3 a4
27. Bg6 Rxe3 28. Rxe3 Rf8 29. Bd6 a3 30. Bxf8 axb2 31. Bxg7+ Kxg7 32. Bb1 1-0

[Event "4NCL Division 3"]
[Site "Daventry Court ENG"]
[Date "2015.03.21"]
[Round "7.95"]
[White "Burrows, Martin P"]
[Black "Punnett, Alan"]
[Result "1-0"]
[WhiteElo "2127"]
[BlackElo "2066"]
[PlyCount "47"]
[EventDate "2015.03.21"]
[WhiteTeam "e2e4.org.uk 2"]
[BlackTeam "Guildford 4"]

1. e4 e6 2. d4 d5 3. Nc3 Bb4 4. e5 c5 5. a3 Bxc3+ 6. bxc3 Ne7 7. Qg4 Qc7 8. Bd3
cxd4 9. Ne2 dxc3 10. Qxg7 Rg8 11. Qxh7 Qxe5 12. Bf4 Qf6 13. h4 Nbc6 14. Bg5 Qe5
15. f4 Qc7 16. h5 e5 17. h6 Rxg5 18. fxg5 e4 19. Qh8+ Kd7 20. Bxe4 Qb6 21. Qxc3
dxe4 22. Rd1+ Ke8 23. h7 Ng6 24. h8=Q+ 1-0

[Event "4NCL Division 3"]
[Site "Daventry Court ENG"]
[Date "2015.03.21"]
[Round "7.96"]
[White "Smart, Mike"]
[Black "Ross, Chris N"]
[Result "1/2-1/2"]
[WhiteElo "2008"]
[BlackElo "2173"]
[PlyCount "87"]
[EventDate "2015.03.21"]
[WhiteTeam "Guildford 4"]
[BlackTeam "e2e4.org.uk 2"]

1. e4 c5 2. Nf3 e6 3. d4 cxd4 4. Nxd4 Nc6 5. Be3 Nf6 6. Nxc6 bxc6 7. Nd2 d5 8.
exd5 cxd5 9. Bb5+ Bd7 10. Qe2 Be7 11. O-O O-O 12. Bxd7 Qxd7 13. Rfd1 Qb7 14.
Bd4 Nd7 15. c4 Bf6 16. Bxf6 Nxf6 17. Rab1 a5 18. a3 a4 19. b4 axb3 20. Rxb3 Qe7
21. cxd5 Nxd5 22. Nc4 Qc5 23. Rg3 Nf4 24. Qg4 Nh5 25. Qg5 Qxc4 26. Qxh5 g6 27.
Qh6 Rfd8 28. Rxd8+ Rxd8 29. h3 Qc7 30. Qe3 Rd1+ 31. Kh2 h5 32. Qe4 Qd6 33. f4
Kh7 34. Rf3 Qb6 35. Re3 Qb2 36. a4 Qa1 37. Qb7 Rh1+ 38. Kg3 Qf6 39. Re5 Ra1 40.
Qe4 Ra3+ 41. Kh2 Kg7 42. a5 Qd8 43. Rb5 Qd6 44. Rb6 1/2-1/2

[Event "4NCL Division 3"]
[Site "Daventry Court ENG"]
[Date "2015.03.21"]
[Round "7.97"]
[White "Byron, Alan M"]
[Black "Shepley, Julien"]
[Result "1-0"]
[WhiteElo "2172"]
[BlackElo "1949"]
[PlyCount "129"]
[EventDate "2015.03.21"]
[WhiteTeam "e2e4.org.uk 2"]
[BlackTeam "Guildford 4"]

1. e4 d6 2. d4 Nf6 3. Nc3 e5 4. Nf3 Nbd7 5. Bc4 Be7 6. O-O c6 7. a4 Qc7 8. Ba2
h6 9. Nh4 g6 10. Re1 Rh7 11. Be3 Nh5 12. Nf3 Ndf6 13. Qd3 g5 14. b4 Nf4 15.
Bxf4 gxf4 16. Nh4 Ng4 17. Nf5 Bxf5 18. exf5 Rg7 19. b5 Kf8 20. bxc6 bxc6 21.
Rab1 exd4 22. Qxd4 Bf6 23. Qd3 d5 24. Nd1 Ne5 25. Qh3 Re8 26. Rf1 f3 27. g3 Ng4
28. Rb3 Qa5 29. Rxf3 Qxa4 30. Bb3 Qe4 31. Qg2 Ne5 32. Re3 Qxf5 33. f4 Ng4 34.
Rxe8+ Kxe8 35. Qd2 Be7 36. Re1 Kf8 37. Qe2 Bc5+ 38. Kg2 Nf6 39. Qa6 Qd7 40. Ba4
Kg8 41. Bxc6 Qd6 42. Qc8+ Kh7 43. Qf5+ Kh8 44. Bb5 a5 45. Ba4 Rg8 46. Bb3 Rd8
47. Nb2 Kg7 48. Nd3 Ba7 49. Ne5 Qb4 50. Nd3 Qb5 51. Re7 Bd4 52. g4 a4 53. Ba2
Qa5 54. Re2 Rg8 55. g5 hxg5 56. fxg5 Kh8 57. h4 Qc7 58. Nf4 Qc3 59. Nxd5 Nxd5
60. Bxd5 Qa1 61. Qf3 Qg1+ 62. Kh3 Rc8 63. Qh5+ Kg7 64. Qxf7+ Kh8 65. Re8+ 1-0